Holiday Quiz

Random Holiday or Clickable Quiz

Unheard-of Holidays Quiz Stats

 Plays Quiz Updated Sep 29, 2015

Challenge
Share
Tweet
Embed
Score 0/30 Timer 06:00
11 Plays Today
% Correct
Skateboarding
86%
Airplane
85.8%
Stupid
85.5%
Hug|Hugging
85%
Pirate
84.3%
Spiders
84%
Refrigerator
83.8%
Regifting
83.1%
Bacon
83%
Procrastination
82.3%
Public Sleeping
81.3%
Crapper
81%
Wind
80.1%
Nothing
79.5%
Darwin
79.1%
% Correct
Blame
78.9%
Honesty
78.4%
Geek
78.4%
Hobbit
78.3%
Sweater
76.5%
Weatherperson's
74.7%
Skeptics
74.1%
Zucchini
72.9%
Workaholics
72.1%
Beer
71.2%
Monkey
70.6%
Pants
68.9%
Library
68.4%
Magic
63.5%
Bathtub
60.3%

You're not logged in!

Compare scores with friends on all Sporcle quizzes.
OR
Log In

You Might Also Like...

Show Comments

Extras

Top Quizzes Today


Score Distribution

Your Account Isn't Verified!

In order to create a playlist on Sporcle, you need to verify the email address you used during registration. Go to your Sporcle Settings to finish the process.

Report this User

Report this user for behavior that violates our Community Guidelines.

Details: